Fundamentos de enfermería. Tomo 1 /

Xehetasun bibliografikoak
Egile nagusia: Potter, Patricia A. (autor)
Beste egile batzuk: Perry, Anne Griffin (autor)
Formatua: Liburua
Hizkuntza:Spanish
Argitaratua: Madrid: Harcourt, 2002.
Edizioa:quinta edición
Gaiak:

MARC

LEADER 00000cam a2200000 i 4500
003 Ucuenca
005 20230308180457.0
006 a||||fr|||||||1|||
007 ta
008 003120s2002 sp aaaafr|||||||1|||spa|a
999 |c 53013  |d 53013 
020 |a 84-8174-620-7   |q volumen 1 
040 |b spa  |a UCuenca-cdrjbv  |c UCuenca  |e rda 
041 0 |a spa 
082 0 |a 610.73  |2 22  |c 27212 
100 1 |9 82594  |a Potter, Patricia A.  |e autor 
245 1 0 |a Fundamentos de enfermería.  |n Tomo 1 /   |c Patricia A. Potter y Anne Griffin Perry 
250 |a quinta edición 
264 1 |a Madrid:   |b Harcourt,   |c 2002. 
300 |a xxxviii, 1007 páginas:   |b ilu  |c 28 cm 
336 |2 rdacontent  |a texto  |b txt 
337 |2 rdamedia  |a no mediado  |b n 
338 |2 rdacarrier  |a volumen  |b nc 
504 |a incl. ref. 
650 1 7 |a Enfermería  |9 81560  |2 UCuenca-cdrjbv 
650 1 7 |a Paciente  |9 101575 
650 2 7 |a Cuidados  |2 UCuenca-cdrjbv  |x enfermería  |9 274025 
700 1 |a Perry, Anne Griffin  |9 87725  |e autor 
852 |a UC-SALUD  |f Compra  |l 1  |m General  |p 20031202  |q 50,00  |r 2  |t 27212  |v med  |w Enfermería  |y 122212  |b 0  |d CDRS  |e CDRS  |g 610.73 ESTANTERIA ABIERTA  |z 2003-31-20 
942 |c BK  |0 1  |2 ddc  |z vanessa.morales@ucuenca.edu.ec  |r daniel.carrión@ucuenca.edu.ec